La idígena raptada y violada
Sábháilte in:
| Príomhchruthaitheoir: | |
|---|---|
| Formáid: | Anaithnid |
| Ábhair: | |
| Clibeanna: |
Cuir clib leis
Níl clibeanna ann, Bí ar an gcéad duine le clib a chur leis an taifead seo!
|
MARC
| LEADER | 000000000a22000000004500 | ||
|---|---|---|---|
| 001 | 005281 | ||
| 100 | 1 | |a Rivera Pagan, Luis | |
| 245 | 1 | 3 | |a La idígena raptada y violada |
| 310 | |a bimensual | ||
| 650 | 4 | |a HISTORIA | |
| 650 | 4 | |a AMERICA LATINA | |
| 650 | 4 | |a POLITICA | |
| 650 | 4 | |a MUJER | |
| 650 | 4 | |a VIOLENCIA | |
| 650 | 4 | |a CONQUISTA | |
| 650 | 4 | |a MISOGINIA | |
| 650 | 4 | |a PATRIARCADO | |
| 773 | 0 | |d San José, Costa Rica : Depatamento Ecuménico de Investigaciones |t Revista Pasos |g número 42 (1992), páginas 7-10 | |
| 942 | |c ARC | ||
| 999 | |c 11639 |d 11639 | ||
